Infertilidad y control del estrés: una visión desde la medicina conductual /
La problemática de la infertilidad necesita ser interpelada desde una perspectiva integral. El ámbito de la medicina atañe específicamente, a aspectos biomédicos, siendo conveniente entonces incluir los aspectos cognitivos, conductuales y emocionales vividos por las parejas con trastornos de inferti...
Guardado en:
| Hovedforfatter: | |
|---|---|
| Andre forfattere: | , |
| Format: | Texto |
| Fag: | |
| Tags: |
Tilføj Tag
Ingen Tags, Vær først til at tagge denne postø!
|
MARC
| LEADER | 00000 a a2200000 04500 | ||
|---|---|---|---|
| 001 | 13729 | ||
| 003 | |||
| 040 | |a CRAI/IIS |c CRAI/IIS | ||
| 100 | |a Mata Barahona, Maritza | ||
| 245 | |a Infertilidad y control del estrés: una visión desde la medicina conductual / |c Maritza Mata Barahona | ||
| 520 | |a La problemática de la infertilidad necesita ser interpelada desde una perspectiva integral. El ámbito de la medicina atañe específicamente, a aspectos biomédicos, siendo conveniente entonces incluir los aspectos cognitivos, conductuales y emocionales vividos por las parejas con trastornos de infertilidad. El artículo invita a la reflexión acerca de la importancia de un acercamiento interdisciplinario entre lo Médico y lo Psicológico, en el abordaje de la problemática de la infertilidad. A partir de la revisión teórica y bibliográfica, se planteará un acercamiento desde la visión de la Medicina Conductual, modelo integrador biopsicosocial para la resolución de problemas prácticos en el amplio campo de la salud y de la enfermedad. Específicamente, abordado desde el programa de entrenamiento en inoculación del estrés | ||
| 650 | |a PSICOLOGIA | ||
| 650 | |a MEDICINA | ||
| 650 | |a ESTERILIDAD | ||
| 700 | |a Sáenz Ulate, Gabriela | ||
| 700 | |a Ramírez Henderson, Ronald | ||
| 773 | |g volumen 86, número 1; páginas 77-86 | ||
| 999 | |c 19617 |d 19617 | ||
